000 00497nam a22001937a 4500
003 MPLRDC
005 20220104202319.0
008 210129b ||||| |||| 00| 0 eng d
020 _a978-986-319-117-9
082 _a857.7 HX-3 v.7
100 _a护玄
245 _a宝箱
_cAKRU 插画
250 _a初版一刷
260 _a台湾
_b盖亚文化有限公司
_c2014
300 _b
520 _a新书上架 2018-07-16。
650 _a现代长篇小说
942 _cBK
_o857.7 HX-3 v.7
999 _c67586
_d67576